Diccionario de teoría crítica y estudios culturales / (Record no. 16802)
[ view plain ]
| 000 -CABECERA | |
|---|---|
| campo de control de longitud fija | 00903nam a2200253 u 4500 |
| 001 - NÚMERO DE CONTROL | |
| campo de control | 000017277 |
| 005 - FECHA Y HORA DE LA ÚLTIMA TRANSACCIÓN | |
| campo de control | 20200929165051.0 |
| 008 - DATOS DE LONGITUD FIJA--INFORMACIÓN GENERAL | |
| campo de control de longitud fija | 100322s2002 dr rd 000 0 spa d |
| 020 ## - NÚMERO INTERNACIONAL ESTÁNDAR DEL LIBRO | |
| Número Internacional Estándar del Libro | 9501273288 |
| 040 ## - FUENTE DE LA CATALOGACIÓN | |
| Centro catalogador/agencia de origen | DO-SdBNP |
| Lengua de catalogación | spa |
| Centro/agencia transcriptor | BNPHU |
| 082 ## - NÚMERO DE LA CLASIFICACIÓN DECIMAL DEWEY | |
| Número de clasificación | R 306.03 |
| Número de documento/Ítem | D545t |
| 049 ## - FONDOS LOCALES (OCLC) | |
| Fondos de biblioteca | BNPD |
| 240 00 - TÍTULO UNIFORME | |
| Título uniforme | A dictionary of cultural and critical theory |
| Lenguaje de la obra | Español |
| 245 00 - MENCIÓN DE TÍTULO | |
| Título | Diccionario de teoría crítica y estudios culturales / |
| Mención de responsabilidad, etc. | bajo la dirección de Michael Payne; traducción Patricia Willson. |
| 260 ## - PUBLICACIÓN, DISTRIBUCIÓN, ETC. | |
| Lugar de publicación, distribución, etc. | Buenos Aires : |
| Nombre del editor, distribuidor, etc. | Paidós, |
| Fecha de publicación, distribución, etc. | 2002. |
| 300 ## - DESCRIPCIÓN FÍSICA | |
| Extensión | 784 p. ; |
| Dimensiones | 24 cm. |
| 500 ## - NOTA GENERAL | |
| Nota general | Incluye índice analítico y de nombres |
| 500 ## - NOTA GENERAL | |
| Nota general | Traducido del inglés |
| 504 ## - NOTA DE BIBLIOGRAFÍA, ETC. | |
| Nota de bibliografía, etc. | Incluye bibliografías : p. 661-743 |
| 650 #4 - PUNTO DE ACCESO ADICIONAL DE MATERIA--TÉRMINO DE MATERIA | |
| Término de materia o nombre geográfico como elemento de entrada | Ciencias sociales |
| Subdivisión de forma | DICCIONARIOS |
| 9 (RLIN) | 37931 |
| 700 12 - PUNTO DE ACCESO ADICIONAL--NOMBRE DE PERSONA | |
| Nombre de persona | Payne, Michael |
| 9 (RLIN) | 37932 |
| 700 12 - PUNTO DE ACCESO ADICIONAL--NOMBRE DE PERSONA | |
| Nombre de persona | Willson, Patricia, |
| Término indicativo de función/relación | tr. |
| 9 (RLIN) | 13032 |
| 910 ## - DATOS DE OPCIÓN DEL USUARIO (OCLC) | |
| Datos de opción del usuario | Validado. Control de calidad MFF |
| Estado de retiro | Estado de pérdida | Restricciones de uso | No para préstamo | Código de colección | Localización permanente | Ubicación/localización actual | Ubicación en estantería | Fecha de adquisición | Número de inventario | Total de préstamos | Signatura topográfica completa | Código de barras | Fecha visto por última vez | Precio válido a partir de | Tipo de ítem Koha | Número de copia |
|---|---|---|---|---|---|---|---|---|---|---|---|---|---|---|---|---|
| Referencia General | General | Biblioteca Nacional Pedro Henríquez Ureña | Depósito | 22.03.2010 | LF1 | R 306.03 D545t | 17277-10 | 25.06.2020 | 25.06.2020 | Préstamo en sala | ||||||
| Extraviado | Excluido de préstamo | Referencia General | General | Biblioteca Nacional Pedro Henríquez Ureña | Extraviado | 22.06.2017 | LF1 | R 306.03 D545t | 17277-20 | 25.06.2020 | 25.06.2020 | Préstamo en sala | e. 2 |
